Statystyki dla Wyniki Finałów Ligi Mistrzów

Kliknij tutaj aby rozwiązać quiz!

Ogólne statystyki

  • Ten quiz został rozwiązany 11 601 razy
  • Średni wynik to 18 z 26

Statystyki odpowiedzi

FinałWynik% Poprawnych
2018: Real Madryt – Liverpool F.C.3:1
97%
2015: FC Barcelona – Juventus F.C.3:1
97%
1997: Borussia Dortmund – Juventus F.C.3:1
97%
2011: FC Barcelona – Manchester United3:1
97%
2002: Real Madryt – Bayer 04 Leverkusen2:1
96%
2013: Bayern Monachium – Borussia Dortmund2:1
96%
2007: A.C. Milan – Liverpool F.C.2:1
96%
2006: FC Barcelona – Arsenal F.C.2:1
96%
1999: Manchester United – Bayern Monachium2:1
96%
1993: Olympique Marsylia – A.C. Milan1:0
94%
1995: AFC Ajax – A.C. Milan1:0
94%
1998: Real Madryt – Juventus F.C.1:0
94%
2017: Real Madryt – Juventus F.C.4:1
93%
2014: Real Madryt – Atlético Madryt4:1
93%
2009: FC Barcelona – Manchester United2:0
91%
2010: Inter Mediolan – Bayern Monachium2:0
91%
2004: FC Porto – AS Monaco3:0
83%
2000: Real Madryt – Valencia CF3:0
83%
1994: A.C. Milan – FC Barcelona4:0
75%
2001: Bayern Monachium – Valencia CF1:1, karne 5:4
14%
2005: Liverpool F.C. – A.C. Milan3:3, karne 3:2
14%
2012: Chelsea F.C. – Bayern Monachium1:1, karne 4:3
13%
2016: Real Madryt – Atlético Madryt1:1, karne 5:3
13%
2008: Manchester United – Chelsea F.C.1:1, karne 6:5
10%
1996: Juventus F.C. – AFC Ajax1:1, karne 4:2
9%
2003: A.C. Milan – Juventus F.C.0:0, karne 3:2
7%

Rozkład punktacji

Percentyl według liczby udzielonych odpowiedzi

Procent ludzi z każdym wynikiem

Twoja historia wyników

Nie rozwiązałeś tego quizu